[Event "FICGS class A 000146 email"]
[Site "FICGS email"]
[Date "2013.11.29"]
[Round "1"]
[White "Lommler, Jan Peter"]
[Black "Demchenko, Sergey Pavlovich"]
[Result "0-1"]
[WhiteElo "2012"]
[BlackElo "2074"]
[PlyCount "98"]
[EventDate "2013.??.??"]
[EventType "tourn (corr)"]
[EventRounds "6"]
[SourceTitle "Corr 2022"]
[Source "ChessBase"]
[SourceDate "2021.10.24"]
[SourceVersion "1"]
[SourceVersionDate "2021.10.24"]
[SourceQuality "1"]

1. d4 Nf6 2. c4 g6 3. g3 Bg7 4. Bg2 0-0 5. Nc3 d6 6. Nf3 Nc6 7. 0-0 a6 8. Qd3 e5 9. d5 Nb4 10. Qd1 a5 11. Bg5 h6 12. Be3 Qe7 13. h3 Bd7 14. Qd2 Kh7 15. a3 Na6 16. b4 Ne8 17. Rab1 f5 18. b5 Nb8 19. b6 c5 20. Qc2 Nf6 21. Bd2 e4 22. Nh2 Be8 23. Nb5 Bxb5 24. Rxb5 a4 25. Re1 Nbd7 26. Reb1 h5 27. Qc1 Ng8 28. f3 Bd4+ 29. e3 Bg7 30. f4 g5 31. Kh1 Nh6 32. Qc2 Bf6 33. Qd1 h4 34. g4 gxf4 35. exf4 e3 36. g5 exd2 37. Qxd2 Rae8 38. Ra5 Bd4 39. Qc2 Ng8 40. Ra7 Rb8 41. Qxa4 Qg7 42. Qd1 Ne7 43. Qh5+ Kg8 44. Qe2 Ng6 45. Qe6+ Kh8 46. Qxd6 Be3 47. Rf1 Rf7 48. Qe6 Bxf4 49. d6 Bxg5 0-1

[Event "FICGS class A 000146 email"]
[Site "FICGS email"]
[Date "2013.11.29"]
[Round "1"]
[White "Sorcinelli, Andrea"]
[Black "Lommler, Jan Peter"]
[Result "1/2-1/2"]
[WhiteElo "2012"]
[BlackElo "2012"]
[PlyCount "45"]
[EventDate "2013.??.??"]
[EventType "tourn (corr)"]
[EventRounds "6"]
[SourceTitle "Corr 2022"]
[Source "ChessBase"]
[SourceDate "2021.10.24"]
[SourceVersion "1"]
[SourceVersionDate "2021.10.24"]
[SourceQuality "1"]

1. e4 e5 2. Nf3 Nc6 3. Bb5 Nf6 4. 0-0 Nxe4 5. d4 Nd6 6. Bxc6 dxc6 7. dxe5 Nf5 8. Qxd8+ Kxd8 9. Nc3 Be6 10. Rd1+ Ke8 11. Ng5 Be7 12. Nxe6 fxe6 13. Ne4 b6 14. f4 Rd8 15. Rxd8+ Kxd8 16. Kf2 h6 17. Be3 Kc8 18. Rd1 g5 19. g3 c5 20. c3 g4 21. h3 h5 22. Ke2 gxh3 23. Rh1 1/2-1/2

[Event "FICGS class A 000141 email"]
[Site "FICGS email"]
[Date "2013.07.10"]
[Round "1"]
[White "Lommler, Jan Peter"]
[Black "Denayer, Will"]
[Result "1-0"]
[WhiteElo "2019"]
[BlackElo "2088"]
[PlyCount "27"]
[EventDate "2013.??.??"]
[EventType "tourn (corr)"]
[EventRounds "6"]
[SourceTitle "Corr 2022"]
[Source "ChessBase"]
[SourceDate "2021.10.24"]
[SourceVersion "1"]
[SourceVersionDate "2021.10.24"]
[SourceQuality "1"]

1. e4 d6 2. d4 Nf6 3. Nc3 Nbd7 4. Nf3 e5 5. Bc4 Be7 6. 0-0 0-0 7. a4 c6 8. a5 h6 9. h3 exd4 10. Nxd4 Re8 11. Bf4 Bf8 12. Re1 Ne5 13. Bb3 Nfd7 14. a6 1-0

[Event "FICGS W-ch st1 g03 email"]
[Site "FICGS email"]
[Date "2013.07.02"]
[Round "1"]
[White "Lommler, Jan Peter"]
[Black "Piantadosi, Angelo"]
[Result "1-0"]
[WhiteElo "2019"]
[BlackElo "1344"]
[PlyCount "39"]
[EventDate "2013.??.??"]
[EventType "tourn (corr)"]
[EventRounds "8"]
[SourceTitle "Corr 2022"]
[Source "ChessBase"]
[SourceDate "2021.10.24"]
[SourceVersion "1"]
[SourceVersionDate "2021.10.24"]
[SourceQuality "1"]

1. e4 e6 2. d3 d5 3. Nd2 Nf6 4. Ngf3 dxe4 5. dxe4 Nbd7 6. e5 Nd5 7. Ne4 Be7 8. a3 0-0 9. c4 N5b6 10. Qc2 Nc5 11. Nxc5 Bxc5 12. Bd3 h6 13. 0-0 Bd7 14. b4 Be7 15. Qe2 Bc6 16. Rd1 Qe8 17. b5 Bxf3 18. Qxf3 Rb8 19. Qe4 g6 20. Bxh6 1-0

[Event "FICGS class C 000185 email"]
[Site "FICGS email"]
[Date "2013.02.26"]
[Round "1"]
[White "Sorcinelli, Andrea"]
[Black "Lommler, Jan Peter"]
[Result "1/2-1/2"]
[WhiteElo "1961"]
[BlackElo "1896"]
[PlyCount "64"]
[EventDate "2013.??.??"]
[EventType "tourn (corr)"]
[EventRounds "1"]
[SourceTitle "Corr 2022"]
[Source "ChessBase"]
[SourceDate "2021.10.24"]
[SourceVersion "1"]
[SourceVersionDate "2021.10.24"]
[SourceQuality "1"]

1. e4 c5 2. Nf3 d6 3. d4 cxd4 4. Nxd4 Nf6 5. Nc3 a6 6. f3 e5 7. Nb3 Be6 8. Be3 Nbd7 9. Qd2 Be7 10. g4 h6 11. 0-0-0 b5 12. Kb1 Nb6 13. Qf2 Nfd7 14. h4 Nc4 15. Bc1 Qb6 16. Qe1 Rc8 17. Nd5 Qc6 18. Nxe7 Kxe7 19. Rh2 a5 20. Rg2 f6 21. f4 b4 22. g5 hxg5 23. fxe5 dxe5 24. hxg5 Ke8 25. gxf6 gxf6 26. Qf2 a4 27. Rxd7 Qxd7 28. Nc5 Qe7 29. Nxe6 Qxe6 30. Qa7 Qd7 31. Qg1 Qc7 32. Rg8+ Rxg8 1/2-1/2

[Event "FICGS W-ch st1 g10 email"]
[Site "FICGS email"]
[Date "2012.12.09"]
[Round "1"]
[White "Blinchevsky, Alexander"]
[Black "Lommler, Jan Peter"]
[Result "1-0"]
[WhiteElo "2206"]
[BlackElo "1860"]
[PlyCount "67"]
[EventDate "2012.??.??"]
[EventType "tourn (corr)"]
[EventRounds "8"]
[SourceTitle "Corr 2022"]
[Source "ChessBase"]
[SourceDate "2021.10.24"]
[SourceVersion "1"]
[SourceVersionDate "2021.10.24"]
[SourceQuality "1"]

1. d4 d5 2. c4 c6 3. Nf3 Nf6 4. Nc3 dxc4 5. a4 Bf5 6. e3 e6 7. Bxc4 Bb4 8. 0-0 0-0 9. Qe2 h6 10. Rd1 Bh7 11. Bd3 Bxd3 12. Rxd3 Nbd7 13. e4 Qa5 14. e5 Nd5 15. Nh4 Bxc3 16. bxc3 f5 17. Qh5 f4 18. Qg4 Rae8 19. Ng6 Qa6 20. Rh3 Rf7 21. Nxf4 Qc4 22. Nxd5 exd5 23. Qh5 Re6 24. f4 Qb3 25. Qe2 c5 26. a5 Nf8 27. Rf3 g6 28. g4 Rg7 29. Ra3 Qb1 30. Rf1 cxd4 31. f5 gxf5 32. Bxh6 d3 33. Rxb1 dxe2 34. Bxg7 1-0

[Event "FICGS class C 000182 email"]
[Site "FICGS email"]
[Date "2012.11.14"]
[Round "1"]
[White "Lommler, Jan Peter"]
[Black "Ba, Attila"]
[Result "0-1"]
[WhiteElo "1860"]
[BlackElo "1985"]
[PlyCount "78"]
[EventDate "2012.??.??"]
[EventType "tourn (corr)"]
[EventRounds "1"]
[SourceTitle "Corr 2022"]
[Source "ChessBase"]
[SourceDate "2021.10.24"]
[SourceVersion "1"]
[SourceVersionDate "2021.10.24"]
[SourceQuality "1"]

1. e4 c5 2. c3 Nf6 3. e5 Nd5 4. d4 cxd4 5. cxd4 d6 6. Nf3 Nc6 7. Bc4 dxe5 8. dxe5 Nb6 9. Qxd8+ Nxd8 10. Bb5+ Bd7 11. Nc3 e6 12. Be2 Nd5 13. Nxd5 exd5 14. 0-0 Bc5 15. Rd1 Bc6 16. a3 a5 17. Nd4 Bxd4 18. Rxd4 0-0 19. Rh4 Re8 20. Bd3 h6 21. f4 Bd7 22. Be3 Nc6 23. Rd1 d4 24. Bf2 Be6 25. g4 Ne7 26. g5 h5 27. Be4 g6 28. Rd2 Nf5 29. Bxf5 Bxf5 30. Bxd4 Red8 31. Kf2 Rac8 32. Ke3 a4 33. Bc3 Rxd2 34. Bxd2 Kf8 35. Bb4+ Ke8 36. Kd4 Kd7 37. Bc3 b5 38. Ke3 Ke6 39. Kd2 Kd5 0-1

[Event "FICGS class C 000176 email"]
[Site "FICGS email"]
[Date "2012.06.10"]
[Round "1"]
[White "Lommler, Jan Peter"]
[Black "Domingo Gadea, Jordi"]
[Result "1-0"]
[WhiteElo "1865"]
[BlackElo "1924"]
[PlyCount "65"]
[EventDate "2012.??.??"]
[EventType "tourn (corr)"]
[EventRounds "1"]
[SourceTitle "Corr 2022"]
[Source "ChessBase"]
[SourceDate "2021.10.24"]
[SourceVersion "1"]
[SourceVersionDate "2021.10.24"]
[SourceQuality "1"]

1. e4 h6 2. d4 c5 3. dxc5 e6 4. Be3 Nf6 5. Nc3 Qa5 6. a3 Nxe4 7. Nge2 d5 8. cxd6 Nxd6 9. Bf4 Nf5 10. Ng3 Nxg3 11. hxg3 a6 12. b4 Qb6 13. Qd3 Be7 14. g4 Bd7 15. Qg3 Nc6 16. Bc7 Qa7 17. 0-0-0 b5 18. Ne4 e5 19. Bxe5 Nxe5 20. Qxe5 f6 21. Nd6+ Kf8 22. Qd5 Be8 23. Nxe8 Rxe8 24. Kb1 Qc7 25. Bd3 Rd8 26. Qe6 Rd6 27. Qf5 g5 28. Be4 Qd8 29. Rd3 Qc7 30. Re1 Rxd3 31. Bxd3 h5 32. f4 hxg4 33. fxg5 1-0

[Event "FICGS class C 000176 email"]
[Site "FICGS email"]
[Date "2012.06.10"]
[Round "1"]
[White "Lommler, Jan Peter"]
[Black "Wilhelm, Robert"]
[Result "1-0"]
[WhiteElo "1865"]
[BlackElo "1998"]
[PlyCount "105"]
[EventDate "2012.??.??"]
[EventType "tourn (corr)"]
[EventRounds "1"]
[SourceTitle "Corr 2022"]
[Source "ChessBase"]
[SourceDate "2021.10.24"]
[SourceVersion "1"]
[SourceVersionDate "2021.10.24"]
[SourceQuality "1"]

1. e4 c5 2. c3 Nf6 3. e5 Nd5 4. d4 cxd4 5. Nf3 e6 6. cxd4 b6 7. Bc4 Bb7 8. 0-0 Be7 9. Bxd5 Bxd5 10. Nc3 Bc4 11. Re1 0-0 12. b3 Ba6 13. d5 Bb4 14. Qd4 Bxc3 15. Qxc3 Bb7 16. Ba3 Re8 17. dxe6 dxe6 18. Rad1 Nd7 19. Qe3 Rc8 20. Nd4 a6 21. Rd2 Qc7 22. Bd6 Qc3 23. Rd3 Qa5 24. a3 Ba8 25. b4 Qd5 26. f3 Qc4 27. Ne2 Qh4 28. Red1 h6 29. Rd4 Qh5 30. Rg4 Qf5 31. Nd4 Qh7 32. h3 b5 33. Ne2 Bd5 34. Kh2 Bc4 35. Ng3 f5 36. exf6 Nxf6 37. Rgd4 Rc6 38. Be5 Nd5 39. Qe1 Bb3 40. R1d2 Rec8 41. Rg4 g5 42. f4 Rc4 43. Bd4 Nxf4 44. Qe3 e5 45. Bxe5 Re8 46. Qb6 Qg6 47. Rd6 Ne6 48. Nh5 Qf5 49. Ba1 Rc1 50. Nf6+ Kf8 51. Rd7 Rd1 52. Rxd1 Bxd1 53. Qd6+ 1-0

[Event "FICGS class C 000165 email"]
[Site "FICGS email"]
[Date "2012.01.03"]
[Round "1"]
[White "Lois, Spyros"]
[Black "Lommler, Jan Peter"]
[Result "1/2-1/2"]
[WhiteElo "1801"]
[BlackElo "1842"]
[PlyCount "45"]
[EventDate "2012.??.??"]
[EventType "tourn (corr)"]
[EventRounds "1"]
[SourceTitle "Corr 2022"]
[Source "ChessBase"]
[SourceDate "2021.10.24"]
[SourceVersion "1"]
[SourceVersionDate "2021.10.24"]
[SourceQuality "1"]

1. d4 d5 2. c4 c6 3. Nc3 dxc4 4. Nf3 Nf6 5. a4 Bf5 6. e3 e6 7. Bxc4 Bb4 8. 0-0 0-0 9. Qe2 Bg4 10. Rd1 Qa5 11. e4 Qh5 12. h3 Bxf3 13. Qxf3 Qxf3 14. gxf3 Nbd7 15. Be3 Rfd8 16. Na2 Be7 17. Nc1 Ne5 18. Be2 Ng6 19. a5 a6 20. Nd3 h6 21. b4 Rab8 22. Kh1 Ne8 23. Rac1 1/2-1/2

[Event "FICGS W-ch st1 g11 email"]
[Site "FICGS email"]
[Date "2012.01.01"]
[Round "1"]
[White "Lommler, Jan Peter"]
[Black "Hardfeldt, Pan"]
[Result "1/2-1/2"]
[WhiteElo "1842"]
[BlackElo "2021"]
[PlyCount "42"]
[EventDate "2012.??.??"]
[EventType "tourn (corr)"]
[EventRounds "8"]
[SourceTitle "Corr 2022"]
[Source "ChessBase"]
[SourceDate "2021.10.24"]
[SourceVersion "1"]
[SourceVersionDate "2021.10.24"]
[SourceQuality "1"]

1. Nf3 Nf6 2. c4 c6 3. d4 d5 4. e3 e6 5. Nc3 Nbd7 6. Qc2 Bd6 7. Bd3 0-0 8. 0-0 dxc4 9. Bxc4 a6 10. Rd1 b5 11. Bd3 Bb7 12. Ng5 h6 13. Nge4 Bc7 14. a3 a5 15. Bd2 Nxe4 16. Nxe4 f5 17. Ng3 Qe7 18. Qb3 a4 19. Qa2 Qf7 20. Rac1 Bd6 21. Ne2 Rfe8 1/2-1/2

[Event "FICGS class C 000164 email"]
[Site "FICGS email"]
[Date "2011.12.20"]
[Round "1"]
[White "Lommler, Jan Peter"]
[Black "Migliorini, Roberto"]
[Result "1/2-1/2"]
[WhiteElo "1844"]
[BlackElo "1949"]
[PlyCount "80"]
[EventDate "2011.??.??"]
[EventType "tourn (corr)"]
[EventRounds "1"]
[SourceTitle "Corr 2022"]
[Source "ChessBase"]
[SourceDate "2021.10.24"]
[SourceVersion "1"]
[SourceVersionDate "2021.10.24"]
[SourceQuality "1"]

1. Nf3 d5 2. d4 Nf6 3. c4 dxc4 4. e3 e6 5. Bxc4 c5 6. 0-0 a6 7. dxc5 Qxd1 8. Rxd1 Bxc5 9. Be2 b6 10. Ne5 Bb7 11. b3 Nbd7 12. Nxd7 Nxd7 13. Bb2 Ke7 14. Nd2 Rac8 15. a3 Rhd8 16. b4 Bd6 17. Nc4 Bc7 18. a4 Bd5 19. Rdc1 g5 20. h3 f5 21. Kf1 h6 22. Bc3 e5 23. Bb2 a5 24. bxa5 bxa5 25. Bc3 Bxc4 26. Bxc4 Nc5 27. Rc2 Rf8 28. g4 Bd6 29. gxf5 Rxf5 30. Bxa5 Ra8 31. Bb6 Rxa4 32. Rd1 Ne4 33. Bd5 Rf6 34. Kg2 Rb4 35. Ba5 Rb5 36. Be1 Nc5 37. Rc4 Nd7 38. Bf3 Nb6 39. Rc6 Bb8 40. Rxf6 Kxf6 1/2-1/2

[Event "FICGS class C 000164 email"]
[Site "FICGS email"]
[Date "2011.12.20"]
[Round "1"]
[White "Meli, Cosimo Leonardo"]
[Black "Lommler, Jan Peter"]
[Result "1/2-1/2"]
[WhiteElo "1970"]
[BlackElo "1844"]
[PlyCount "70"]
[EventDate "2011.??.??"]
[EventType "tourn (corr)"]
[EventRounds "1"]
[SourceTitle "Corr 2022"]
[Source "ChessBase"]
[SourceDate "2021.10.24"]
[SourceVersion "1"]
[SourceVersionDate "2021.10.24"]
[SourceQuality "1"]

1. e4 c5 2. Nf3 d6 3. d4 cxd4 4. Nxd4 Nf6 5. f3 a6 6. c4 e6 7. Be3 Be7 8. Be2 0-0 9. 0-0 Nbd7 10. Nc3 Qc7 11. Qe1 b6 12. Qg3 Re8 13. a4 Ne5 14. Rfc1 Ng6 15. b4 Nd7 16. f4 Bf6 17. Qf2 Rb8 18. Rd1 Bb7 19. Rac1 Rbd8 20. Bh5 Re7 21. Qd2 Ba8 22. Nde2 Ree8 23. Ng3 Bh4 24. Bf2 Nf6 25. Bf3 h6 26. Be3 Nd7 27. Qe2 Be7 28. Qf2 Rb8 29. Nh5 Qd8 30. Bg4 Bf8 31. Be2 Qe7 32. Rd2 Rbc8 33. Rdd1 Rb8 34. Rd2 Rbc8 35. Rdd1 Rb8 1/2-1/2

[Event "FICGS class C 000153 email"]
[Site "FICGS email"]
[Date "2011.07.30"]
[Round "1"]
[White "Lommler, Jan Peter"]
[Black "Faust, Dieter"]
[Result "0-1"]
[WhiteElo "1812"]
[BlackElo "1812"]
[PlyCount "36"]
[EventDate "2011.??.??"]
[EventType "tourn (corr)"]
[EventRounds "6"]
[SourceTitle "Corr 2013"]
[Source "ChessBase"]
[SourceDate "2012.11.12"]
[SourceVersion "1"]
[SourceVersionDate "2012.11.12"]
[SourceQuality "1"]

1. e4 e5 2. Nf3 Nc6 3. Bb5 Nf6 4. 0-0 Nxe4 5. d4 Be7 6. Qe2 Nd6 7. Bxc6 bxc6 8. dxe5 Nf5 9. Qe4 g6 10. Nd4 Nxd4 11. Qxd4 0-0 12. Bh6 Re8 13. Nc3 d5 14. Na4 Rb8 15. b3 Bf5 16. c3 a6 17. Rfe1 Rb5 18. e6 Bf6 0-1

[Event "FICGS class C 000153 email"]
[Site "FICGS email"]
[Date "2011.07.30"]
[Round "1"]
[White "Simashkevitch, Mykola"]
[Black "Lommler, Jan Peter"]
[Result "1-0"]
[WhiteElo "1968"]
[BlackElo "1812"]
[PlyCount "35"]
[EventDate "2011.??.??"]
[EventType "tourn (corr)"]
[EventRounds "6"]
[SourceTitle "Corr 2013"]
[Source "ChessBase"]
[SourceDate "2012.11.12"]
[SourceVersion "1"]
[SourceVersionDate "2012.11.12"]
[SourceQuality "1"]

1. e4 c5 2. Nf3 d6 3. d4 cxd4 4. Nxd4 Nf6 5. Nc3 a6 6. Be3 e6 7. f3 Be7 8. Qd2 Nc6 9. 0-0-0 0-0 10. g4 Nxd4 11. Bxd4 b5 12. g5 Nd7 13. h4 b4 14. Na4 Qa5 15. b3 Nc5 16. Nxc5 dxc5 17. Bb2 Rd8 18. Qf4 1-0

[Event "FICGS class C 000173 email"]
[Site "FICGS email"]
[Date "2011.03.24"]
[Round "1"]
[White "Lommler, Jan Peter"]
[Black "Von Buttlar, Paul"]
[Result "1-0"]
[WhiteElo "1682"]
[BlackElo "1718"]
[PlyCount "49"]
[EventDate "2011.??.??"]
[EventType "tourn (corr)"]
[EventRounds "6"]
[SourceTitle "Corr 2013"]
[Source "ChessBase"]
[SourceDate "2012.11.12"]
[SourceVersion "1"]
[SourceVersionDate "2012.11.12"]
[SourceQuality "1"]

1. d4 d5 2. c4 c6 3. Nf3 e6 4. Nc3 Nf6 5. e3 Nbd7 6. Bd3 dxc4 7. Bxc4 b5 8. Bd3 a6 9. e4 c5 10. e5 cxd4 11. Nxb5 axb5 12. exf6 gxf6 13. 0-0 Bb7 14. Nxd4 b4 15. Bb5 Rg8 16. g3 Ba6 17. Bf4 Bxb5 18. Nxb5 e5 19. Rc1 Nc5 20. Qf3 Rc8 21. Na7 Rc7 22. Rfd1 Rd7 23. Nc6 Qc7 24. Rxd7 Qxd7 25. Be3 1-0

[Event "FICGS class C 000170 email"]
[Site "FICGS email"]
[Date "2011.03.02"]
[Round "1"]
[White "Lommler, Jan Peter"]
[Black "Denchev, Stanimir"]
[Result "1-0"]
[WhiteElo "1682"]
[BlackElo "1713"]
[PlyCount "43"]
[EventDate "2011.??.??"]
[EventType "tourn (corr)"]
[EventRounds "4"]
[SourceTitle "Corr 2013"]
[Source "ChessBase"]
[SourceDate "2012.11.12"]
[SourceVersion "1"]
[SourceVersionDate "2012.11.12"]
[SourceQuality "1"]

1. d4 d5 2. c4 c6 3. Nf3 Nf6 4. Nc3 e6 5. e3 Be7 6. Bd3 dxc4 7. Bxc4 b5 8. Bd3 a6 9. 0-0 0-0 10. e4 Bb7 11. e5 Nd5 12. Ne4 Nd7 13. Bd2 c5 14. Nxc5 Nxc5 15. dxc5 Bxc5 16. Bxh7+ Kh8 17. Ng5 g6 18. Qg4 Kg7 19. Bxg6 Ne7 20. Nxe6+ fxe6 21. Bf5+ Kh8 22. Qh5+ 1-0

[Event "FICGS class D 000165 email"]
[Site "FICGS email"]
[Date "2011.02.20"]
[Round "1"]
[White "Piantadosi, Angelo"]
[Black "Lommler, Jan Peter"]
[Result "0-1"]
[WhiteElo "1405"]
[BlackElo "1400"]
[PlyCount "26"]
[EventDate "2011.??.??"]
[EventType "tourn (corr)"]
[EventRounds "5"]
[SourceTitle "Corr 2013"]
[Source "ChessBase"]
[SourceDate "2012.11.12"]
[SourceVersion "1"]
[SourceVersionDate "2012.11.12"]
[SourceQuality "1"]

1. b3 e5 2. Bb2 Nc6 3. d3 d5 4. Nc3 d4 5. Nb1 Nf6 6. Nf3 Be7 7. g3 Bb4+ 8. Nbd2 Nd5 9. Bg2 0-0 10. 0-0 Bc3 11. Bxc3 Nxc3 12. Qe1 Nb4 13. Qc1 Nxe2+ 0-1

[Event "FICGS class D 000164 email"]
[Site "FICGS email"]
[Date "2011.02.02"]
[Round "1"]
[White "Lommler, Jan Peter"]
[Black "Rezack, Thomas J"]
[Result "1-0"]
[WhiteElo "1400"]
[BlackElo "1514"]
[PlyCount "63"]
[EventDate "2011.??.??"]
[EventType "tourn (corr)"]
[EventRounds "5"]
[SourceTitle "Corr 2013"]
[Source "ChessBase"]
[SourceDate "2012.11.12"]
[SourceVersion "1"]
[SourceVersionDate "2012.11.12"]
[SourceQuality "1"]

1. Nf3 d5 2. d4 Nf6 3. c4 e6 4. Nc3 h6 5. e3 Bb4 6. Be2 c5 7. 0-0 0-0 8. dxc5 Bxc5 9. Qb3 dxc4 10. Qxc4 Bb6 11. Rd1 Qe7 12. b3 a6 13. a4 Nc6 14. Ba3 Qe8 15. Nd2 Ne7 16. Rac1 Bd7 17. Qb4 Ned5 18. Nxd5 Nxd5 19. Qxf8+ Qxf8 20. Bxf8 Kxf8 21. Nf3 f6 22. Bc4 Bc6 23. Nd4 Bxd4 24. Rxd4 h5 25. Bxd5 Bxd5 26. Rc7 Rb8 27. f3 Bxb3 28. Rdd7 e5 29. a5 Be6 30. Rxg7 b5 31. Rg6 Bc4 32. Rxf6+ 1-0

[Event "FICGS class D 000164 email"]
[Site "FICGS email"]
[Date "2011.02.02"]
[Round "1"]
[White "Marques, Joao Paulo Cassemir"]
[Black "Lommler, Jan Peter"]
[Result "0-1"]
[WhiteElo "1402"]
[BlackElo "1400"]
[PlyCount "66"]
[EventDate "2011.??.??"]
[EventType "tourn (corr)"]
[EventRounds "5"]
[SourceTitle "Corr 2013"]
[Source "ChessBase"]
[SourceDate "2012.11.12"]
[SourceVersion "1"]
[SourceVersionDate "2012.11.12"]
[SourceQuality "1"]

1. e4 c5 2. Nf3 d6 3. d4 cxd4 4. Nxd4 Nf6 5. Nc3 a6 6. Be2 e6 7. Be3 Be7 8. 0-0 0-0 9. Qd2 Nc6 10. Nb3 b5 11. f3 Ne5 12. a3 Qc7 13. Rad1 Rb8 14. Bg5 Nc4 15. Qc1 Nxa3 16. Kh1 Nc4 17. Rd4 Re8 18. Rfd1 h6 19. Bh4 Ng4 20. Bg3 Nce3 21. R1d2 Ne5 22. Bxe5 dxe5 23. R4d3 Nc4 24. Rd1 Bg5 25. Qb1 h5 26. Rf1 a5 27. Rfd1 a4 28. Nd2 Bxd2 29. R3xd2 Nxd2 30. Rxd2 a3 31. Nxb5 Qa5 32. b4 a2 33. Qa1 Qxb4 0-1

[Event "FICGS class E 000133 email"]
[Site "FICGS email"]
[Date "2011.01.20"]
[Round "1"]
[White "Lommler, Jan Peter"]
[Black "Khramkov, Alexey Gennadievic"]
[Result "1-0"]
[WhiteElo "1400"]
[BlackElo "1279"]
[PlyCount "61"]
[EventDate "2011.??.??"]
[EventType "tourn (corr)"]
[EventRounds "6"]
[SourceTitle "Corr 2013"]
[Source "ChessBase"]
[SourceDate "2012.11.12"]
[SourceVersion "1"]
[SourceVersionDate "2012.11.12"]
[SourceQuality "1"]

1. d4 d5 2. c4 dxc4 3. Nf3 Nf6 4. e3 e6 5. Bxc4 c5 6. 0-0 a6 7. Bb3 Nc6 8. Nc3 cxd4 9. exd4 Be7 10. Bf4 0-0 11. Rc1 Na5 12. Bc2 b5 13. Be4 Nxe4 14. Nxe4 Bb7 15. Bc7 Qe8 16. Nc5 Bxf3 17. Qxf3 Nc4 18. Qg3 Bxc5 19. dxc5 e5 20. Bd6 Nxd6 21. cxd6 Qe6 22. Rfd1 Ra7 23. Rc6 Rd8 24. h3 f6 25. Qe3 Qe8 26. Qc5 Qd7 27. Rc7 Rxc7 28. Qd5+ Qf7 29. dxc7 Rc8 30. Qd8+ Qf8 31. Qxc8 1-0

[Event "FICGS class E 000133 email"]
[Site "FICGS email"]
[Date "2011.01.20"]
[Round "1"]
[White "Quanter, Kirsty"]
[Black "Lommler, Jan Peter"]
[Result "1/2-1/2"]
[WhiteElo "1390"]
[BlackElo "1400"]
[PlyCount "98"]
[EventDate "2011.??.??"]
[EventType "tourn (corr)"]
[EventRounds "6"]
[SourceTitle "Corr 2013"]
[Source "ChessBase"]
[SourceDate "2012.11.12"]
[SourceVersion "1"]
[SourceVersionDate "2012.11.12"]
[SourceQuality "1"]

1. e4 c5 2. d4 cxd4 3. Qxd4 Nc6 4. Qa4 e6 5. Nf3 Bc5 6. Bb5 Nge7 7. 0-0 0-0 8. Nc3 a6 9. Be3 Bxe3 10. fxe3 Qb6 11. Rae1 d6 12. Bxc6 Nxc6 13. Qb3 Qc7 14. Rf2 Bd7 15. Rd1 Rfd8 16. Qa3 Be8 17. Rfd2 Na5 18. Rxd6 Rxd6 19. Qxd6 Qxd6 20. Rxd6 Nc4 21. Rd4 Nxb2 22. e5 Rc8 23. Ne4 Kf8 24. Ne1 b5 25. Kf2 Ke7 26. Nd6 Rc3 27. Rg4 g6 28. Rh4 Nd1+ 29. Ke2 Nxe3 30. Rxh7 Nc4 31. Nxc4 Rxc4 32. Rh3 Rc5 33. Re3 b4 34. Kd2 Ra5 35. Rb3 Ra4 36. Nd3 a5 37. Kc1 Rxa2 38. Kb1 Ra3 39. Rxa3 bxa3 40. Ka2 f6 41. Kxa3 Bb5 42. h4 fxe5 43. Nxe5 Kf6 44. Ng4+ Kf5 45. Nf2 Be2 46. g4+ Bxg4 47. Nxg4 Kxg4 48. c4 Kf5 49. Ka4 e5 1/2-1/2